000 01642cam a2200409Ia 4500
001 7318287
005 20220326193330.0
008 080915s2008 gw a bc 000 0 spa d
020 _a1933128461 (Sternberg)
020 _a9781933128467 (Sternberg)
020 _a9708020486 (Instituto Nacional de Bellas Artes)
020 _a9789708020480 (Instituto Nacional de Bellas Artes)
035 _a(OCoLC)ocn251303166
035 _a(OCoLC)251303166
035 _a(NNC)7318287
040 _aYDXCP
_cYDXCP
_dTXA
041 0 _aeng
_aspa
043 _an-mx---
082 _a708
_bC 352e
090 _aN6559.C375
_bA4 2008
100 1 _aCastillo Deball, Mariana.
_93109
245 1 0 _aThese ruins you see /
_cMariana Castillo Deball.
246 1 5 _aEstas ruinas que ves
260 _aBerlin ;
_aNew York, NY :
_bSternberg Press ;
_aCiudad de México :
_bInstituto Nacional de Bellas Artes,
_cc2008.
300 _a272 p. :
_bill. (some col.) ;
_c23 cm.
500 _a"These Ruins You See was exhibited at the Museo de Arte Carrillo Gil from November 8, 2006 to February 28, 2007."--P. facing English t.p.
500 _a"Estas ruinas que ves" ([9] folded plates) inserted.
504 _aIncludes bibliographical references.
600 1 0 _aCastillo Deball, Mariana
_vExhibitions.
_93110
650 0 _aArchaeology and art
_zMexico
_vExhibitions.
_93111
650 0 _aExcavations (Archaeology)
_zMexico
_vExhibitions.
_93112
651 0 _aMexico
_xAntiquities
_vExhibitions.
_93113
710 2 _aInstituto Nacional de Bellas Artes (Mexico)
_93114
710 2 _aMuseo de Arte Carrillo Gil.
_91953
948 1 _a20100218
_bc
_cfra1
_dSCMC
999 _c692
_d692